| 000 | 00646nam a22001697a 4500 | ||
|---|---|---|---|
| 003 | OSt | ||
| 005 | 20171010095457.0 | ||
| 008 | 120716t xxu||||| |||| 00| 0 eng d | ||
| 040 |
_aMMSU _cULS |
||
| 100 |
_aAgacia, Jannah Gail A. _911177 |
||
| 245 |
_aPotential toxicity of kamote (Ipomoea batatas) and lampaka (Colocasia sp) consumed in the city of Batac using brine shrimp toxicity test _cJannah Gail A. Agacia |
||
| 260 | _c2008 | ||
| 300 |
_axvii, 65 leaves _c28 cm. |
||
| 500 | _aThesis (BS Biology) -- Mariano Marcos State University-College of Arts and Sciences, Batac City | ||
| 504 | _aBibliography: leaves 33-34 | ||
| 942 |
_2ddc _cTHEDIS |
||
| 999 |
_c9633 _d9633 |
||